| 000 | 00398nam a2200169Ia 4500 | ||
|---|---|---|---|
| 005 | 20250425161638.0 | ||
| 008 | 250425s9999 xx 000 0 und d | ||
| 041 | _aspa | ||
| 082 | _aIBM4381 | ||
| 100 | _aRAMOS DIAZ, CARLOS | ||
| 245 | 0 | _aTERMINOS USUALES EN COMERCIO INTERNACIONAL | |
| 250 | _a1A ED. | ||
| 260 | _aLIMA | ||
| 260 |
_aPerĂº _bINMOVA _c1978 |
||
| 942 | _c01 | ||
| 010 | _a24953 | ||
| 999 |
_c213234 _d213234 |
||